000
00324nam a22001457a 4500
003
OSt
005
20160727222401.0
008
160623b xxu||||| |||| 00| 0 eng d
040
_c
TEST
100
_9
696
_a
UNICEF
245
_a
Aids Awareness
260
_a
Kenya
_b
Sudan Lit.
_c
1997
300
_a
Aids Awareness
942
_2
ddc
_c
BK
999
_c
562
_d
562